ბათუმის შოთა რუსთაველის სახელმწიფო უნივერსიტეტის ბიბლიოთეკა

საქართველოსა და ბიზანტიის ურთიერთობა V საუკუნეში / (ბიბ.ჩანაწერი № 60025)

000 -ლიდერი
ფიქსირებული სიგრძის საკონტროლო ველი 01223nam a22002057a 4500
003 - საკონტროლო ნომრის იდენტიფიკატორი
საკონტროლო ველი Ge_BSU
005 - ბოლო ოპერაციის თარიღი და დრო
საკონტროლო ველი 20230531100226.0
008 - ფიქსირებული სიგრძის მონაცემთა ელემენტები - ზოგადი ინფორმაცია
ფიქსირებული სიგრძის საკონტროლო ველი 230531s1989 ge ||||| |||| 00| 0 geo d
041 ## - ენის კოდი
Language code of text/sound track or separate title geo
080 ## - უნივერსალური ათობითი კლასიფიკაციის ინდექსი
Universal Decimal Classification number 94(479.22:495)"01/.04" ლ-82
100 ## - მთავარი ჩანაწერი - პიროვნების სახელი
Personal name ლომოური, ნოდარ
9 (RLIN) 5830
245 ## - ცნობა სათაურის შესახებ
Title საქართველოსა და ბიზანტიის ურთიერთობა V საუკუნეში /
Statement of responsibility, etc ნოდარ ლომოური; [რედ.: ო. ცქიტიშვილი]; საქ. სსრ მეცნ. აკად., აღმოსავლეთმცოდნეობის ინ-ტი.
264 ## - წარმოების, გამოცემის, დისტრიბუციის და სხვა ცნობები
გამოცემის, წარმოების, დისტრიბუციის... ადგილი თბილისი :
გამოცემის, წარმოების, დისტრიბუციის... სახელწოდება მეცნიერება,
გამოცემის, წარმოების, დისტრიბუციის... თარიღი 1989.
300 ## - ფიზიკური აღწერა
Extent 91 გვ. ;
Other physical details 22 სმ.
520 ## - SUMMARY, ETC.
Summary, etc რეზ. რუს.
653 ## - INDEX TERM--UNCONTROLLED
Uncontrolled term საქართველო-ბიზანტიის ურთიერთობების ისტორია
700 ## - ADDED ENTRY--PERSONAL NAME
Personal name ცქიტიშვილი, ო.
Relator term რედაქტორი
9 (RLIN) 10219
710 ## - ADDED ENTRY--CORPORATE NAME
Corporate name or jurisdiction name as entry element საქ. სსრ მეცნ. აკადემია
Subordinate unit აღმოსავლეთმცოდნეობის ინ-ტი.
9 (RLIN) 18337
942 ## - ADDED ENTRY ELEMENTS (KOHA)
Source of classification or shelving scheme
Koha item type წიგნი
ეგზემპლარები
ჩამოწერის სტატუსი დაკარგული ეგზემპლარის სტატუსი კლასიფიკაციის წყარო ან თაროზე გაწყობის სქემა დაზიანების სტატუსი არ გაიცემა მუდმივი მდებარეობა (დაცვის ადგილი) ამჟამინდელი ადგილსამყოფელი თაროზე განთავსების ადგილი შეძენის თარიღი ღირებულება, შესყიდვის ნორმალური ფასი სრული შენახვის შიფრი შტრიხკოდი ბოლო ოპერაციის თარიღი ეგზემპლარის მიმდევრობითი ნომერი (კეტერი?) Uniform Resource Identifier ფასის ძალაში შესვლის თარიღი ეგზემპლარის სახეობა საჯარო შენიშვნა
          ბათუმის შოთა რუსთაველის სახელმწიფო უნივერსიტეტის მთავარი ბიბლიოთეკა ბათუმის შოთა რუსთაველის სახელმწიფო უნივერსიტეტის მთავარი ბიბლიოთეკა წიგნსაცავი 2023-05-31 4.00 94(479.22:495) 64475 2023-05-31 64475 ბსუ-ს საპატიო დოქტორის გურამ ლორთქიფანიძის საჩუქარი 2023-05-31 წიგნი 4 ლ.